Western po novom

Bibliographic Details
Main Author: Bobok, Jozef, 1924-2004 (Author)
Format: Article
Language:Slovak
Subjects:

MARC

LEADER 00000nab a2200000 a 4500
001 vtls009938528
003 SK-MaSNL
005 20260304151911.0
008 250506c1973 xo |r|p|||||||000 b|slo
015 |a SNBRB1973 
035 |a (uuid)3740678a-9112-49f8-97e7-be0c3af3067a 
035 |a urn:nbn:sk:snk-ab1siz 
035 |a (urnnbn)urn:nbn:sk:snk:ar-a00g7h 
038 |a SNKBUCL 
040 |a SNKBUCL  |b slo  |c SNKBUCL  |e AACR2 
041 0 |a slo 
044 |a xo  |c SK 
080 |a 791.44(73)  |2 1997 
100 1 |a Bobok, Jozef,  |d 1924-2004  |4 aut  |9 104720 
245 1 0 |a Western po novom  |c Jozef Bobok 
630 0 7 |a Butch Cassidy (film)  |2 snkbucl  |9 1473652 
630 0 7 |a Sundance Kid (film)  |2 snkbucl  |9 1473653 
655 7 |a recenzie  |2 snkbucl  |9 21907 
773 0 |t Film a divadlo  |g Roč. 17, č. 3 (1973), s. 12 
850 |a Slovenská národná knižnica 
852 |a Slovenská národná knižnica 
954 |a odborná, vedecká literatúra pôvodná (slovenská)  |2 lita 
958 |a article27 
958 |a OND 
958 |a RC 
958 |a EUIPO 
999 |c 2946310  |d 2948240